<?xml version="1.0" encoding="UTF-8"?>
<marc:record xmlns:marc="http://www.loc.gov/MARC21/slim">
   <marc:leader>00000nam a2200000 a 4500</marc:leader>
   <marc:datafield ind1="0" ind2="0" tag="245">
      <marc:subfield code="a">SPORT aktiv 25 / 01</marc:subfield>
   </marc:datafield>
   <marc:datafield ind1="0" ind2="0" tag="245">
      <marc:subfield code="b">Österreichs größtes Aktivsport-Magazin. Februar / März</marc:subfield>
   </marc:datafield>
   <marc:datafield ind1=" " ind2="1" tag="264">
      <marc:subfield code="a">Graz</marc:subfield>
      <marc:subfield code="b">Styria</marc:subfield>
      <marc:subfield code="c">25</marc:subfield>
   </marc:datafield>
   <marc:datafield ind1="1" ind2=" " tag="490">
      <marc:subfield code="a">-</marc:subfield>
   </marc:datafield>
   <marc:datafield ind1="1" ind2=" " tag="520">
      <marc:subfield code="a">Fit - Sportuhren ;   &#xD;
Bike - Pendlerbikes ;  &#xD;
Outdoor - Grande Fi(r)nale ;  &#xD;
Freeride World Tour-Athlet Valentin Rainer im Interview ;   &#xD;
Trailrunner Andreas Rieder ;   &#xD;
Robert Fritz checkt Mythen rund um Sportnahrung ;   &#xD;
Bikeurlaub - Reiseabenteuer per Rad ;   &#xD;
uvm.</marc:subfield>
   </marc:datafield>
   <marc:datafield ind1=" " ind2=" " tag="041">
      <marc:subfield code="a">ger</marc:subfield>
   </marc:datafield>
   <marc:datafield ind1=" " ind2=" " tag="338">
      <marc:subfield code="a">Band</marc:subfield>
   </marc:datafield>
</marc:record>
